| 000 | 00742nam a2200241Ia 4500 | ||
|---|---|---|---|
| 003 | GCL | ||
| 008 | 140319s9999 xx 000 0 ara d | ||
| 040 |
_aGCL / _cGCL |
||
| 082 | 0 | 4 |
_a401 _bع ع |
| 100 | 1 | _aعلى عبدالواحد وافى | |
| 245 | 1 | 0 |
_aعلم اللغة / _cعلى عبدالواحد وافى |
| 250 | _a9 | ||
| 260 |
_aالقاهرة : _bدار نهضة مصر للطبع والنشر ، _c1984 |
||
| 300 |
_a346 ص ؛ _c24 سم. |
||
| 490 | _a | ||
| 650 | 0 | 4 | _aاللغات |
| 650 | 0 | 4 | _aاللغة العربية |
| 650 | 0 | 4 | _aعلم اللغة |
| 650 | 0 | 4 | _aعلم اللغة المقارن |
| 650 | 0 | 4 | _aاللغات المقارنة |
| 650 | 0 | 4 | _aاللغة العربية - علم |
| 942 |
_2ddc _cBK |
||
| 999 |
_c31832 _d31832 |
||